駅名に「田中」が含まれる日本の鉄道駅 - Statistics

General Stats
  • This quiz has been taken 96 times
  • The average score is 4 of 9
Answer Stats
路線名 Answer % Correct
しなの鉄道線 田中
94%
長野電鉄長野線 湯田中
70%
飯山線 越後田中
44%
叡山電鉄叡山本線 元田中
38%
只見線 魚沼田中
35%
おおさか東線 高井田中央
31%
和歌山電鐵貴志川線 田中口
28%
富山地鉄本線 新庄田中
24%
富山地鉄富山港線 奥田中学校前
10%
No matching quizzes found
Score Distribution
Percent of People with Each Score
Percentile by Number Answered
Your Score History
You have not taken this quiz